| 000 | 00471cam a2200157 4500500 | ||
|---|---|---|---|
| 005 | 20251012032513.0 | ||
| 041 | _afre | ||
| 042 | _adc | ||
| 100 | 1 | 0 |
_aPunzio, Augusto _eauthor |
| 700 | 1 | 0 |
_a Baladier, Charles _eauthor |
| 245 | 0 | 0 | _aLe secret des trois coffrets |
| 260 | _c2002. | ||
| 500 | _a56 | ||
| 786 | 0 | _nSigila | 10 | 2 | 2002-12-20 | p. 199-217 | 1286-1715 | |
| 856 | 4 | 1 | _uhttps://shs.cairn.info/revue-sigila-2002-2-page-199?lang=fr&redirect-ssocas=7080 |
| 999 |
_c1547488 _d1547488 |
||